000 00499nam a2200133 a 4500
008 120416s1969 ||||||||||||||||| || u
050 _aHF 5549.5.T7 Mar
100 _aMarkwell, Don Stanley
245 1 0 _aOrganisation of management development programmes
260 _aLondon
_bGower
_c1969
300 _axv, 182p. : ill.
350 _a0.00
995 _D0.00
_FCBU-MAIN LIBRARY (Kitwe)
_H1
_I0.00
_UAVAILABLE
_ZMain Library Open Access Collection
999 _c52807
_d52807